Statistics for Bobs Burgers Trivia

Click here to take the quiz!

General Stats

  • This quiz has been taken 1,180 times
  • The average score is 7 of 9

Answer Stats

QuestionAnswer% Correct
who is bobs enemy?jimmy pesto
93%
what does louise wear on her head?bunny ears
92%
who does tina like?jimmy jr
91%
who is the main character (dad)bob
90%
who is andys twin?ollie
85%
who is jimmy jr's best friend?zeke
68%
what school do the kids go to?wagstaff
64%
who is the health inspector?hugo
60%
what street does the family live on?ocean avenue
26%

Score Distribution

Percentile by Number Answered

Percent of People with Each Score

Your Score History

You have not taken this quiz